| 000 | 00464nam a2200121Ia 4500 | ||
|---|---|---|---|
| 008 | 220620s9999||||xx |||||||||||||| ||und|| | ||
| 100 | _aDenmead, Tyler | ||
| 245 | 4 |
_aThe Creative Underclass _bYouth, Race, and the Gentrifying City |
|
| 546 | _aEnglish[eng] | ||
| 650 | _aArt||Business Aspects||Social Science||Ethnic Studies||Social Science||Sociology||Urban | ||
| 856 | _uhttps://library.oapen.org/bitstream/20.500.12657/52900/1/external_content.pdf | ||
| 942 | _cEB | ||
| 999 |
_c23899 _d23899 |
||